[Event "European Youth Chess Championship B14"]
[Site "Prague, Top Hotel Prague"]
[Date "2012.08.22"]
[Round "6.41"]
[White "Petrov, Vladimir Sergeev"]
[Black "Kostka, Vit"]
[Result "1/2-1/2"]
[WhiteElo "1991"]
[BlackElo "1820"]
[PlyCount "134"]
[EventDate "2012.08.17"]

1. e4 c5 2. Nf3 d6 3. d4 cxd4 4. Nxd4 Nf6 5. Nc3 g6 6. Be3 Bg7 7. f3 O-O 8. Qd2
Nc6 9. Bc4 Bd7 10. O-O-O Qa5 11. h4 Rfc8 12. Bb3 Ne5 13. h5 Nc4 14. Bxc4 Rxc4
15. hxg6 hxg6 16. Nde2 Rac8 17. Bh6 Bh8 18. Bg5 Bg7 19. Bh6 Bh8 20. Kb1 b5 21.
Nd5 Qd8 22. Ne3 R4c5 23. g4 b4 24. Nf4 Ba4 25. Rc1 e6 26. Qh2 Qc7 27. Bf8 Kxf8
28. Qxh8+ Ke7 29. Nxg6+ fxg6 30. Qg7+ Kd8 31. Qxf6+ Qe7 32. Qxe7+ Kxe7 33. Rh7+
Kf6 34. f4 g5 35. f5 Ke5 36. Rxa7 Bc6 37. Re7 Kf4 38. Re1 Bxe4 39. fxe6 Re5 40.
Rf7+ Kg3 41. e7 Re8 42. Kc1 R8xe7 43. Rxe7 Rxe7 44. Nf5+ Kf2 45. Kd2 Re5 46.
Ne3 Rc5 47. Nd1+ Kf3 48. c3 Ra5 49. cxb4 Rd5+ 50. Kc1 Rd4 51. Nc3 d5 52. b5 Rc4
53. a4 Kf2 54. Re2+ Kf3 55. Kd2 Rb4 56. Ke1 Kxg4 57. a5 Bf3 58. Rd2 d4 59. Ne2
Rxb5 60. Rxd4+ Kf5 61. b4 Re5 62. Rd2 Re4 63. b5 Re5 64. a6 Bxe2 65. Rxe2 Rxb5
66. a7 Ra5 67. Re7 Ra2 1/2-1/2

[Event "European Youth Chess Championship B14"]
[Site "Prague, Top Hotel Prague"]
[Date "2012.08.22"]
[Round "6.43"]
[White "Yaver, Faik Emre"]
[Black "Khanin, Semen"]
[Result "1-0"]
[WhiteElo "1782"]
[BlackElo "2220"]
[PlyCount "107"]
[EventDate "2012.08.17"]

1. e4 c5 2. c3 d5 3. exd5 Qxd5 4. d4 e6 5. Nf3 Nf6 6. Na3 Nc6 7. Nb5 Qd8 8.
dxc5 Bxc5 9. Qxd8+ Kxd8 10. Bf4 Nd5 11. Rd1 Ke7 12. Bg3 Bd7 13. Bc4 a6 14. Nbd4
Nxd4 15. Nxd4 Nb6 16. Be2 Na4 17. Nb3 Ba7 18. Bd6+ Ke8 19. Rd2 Bc6 20. O-O Bb8
21. Bxb8 Rxb8 22. Na5 Ke7 23. Bxa6 Rhd8 24. Rfd1 Nxb2 25. Rxd8 Rxd8 26. Rxd8
Kxd8 27. Bxb7 Bb5 28. Be4 f5 29. Bc2 Kc7 30. Nb3 Bc4 31. Nc1 Kb6 32. f3 Kc5 33.
Kf2 g6 34. Ke3 e5 35. g3 Bd5 36. Bb3 Nc4+ 37. Ke2 e4 38. fxe4 fxe4 39. a4 h5
40. Bxc4 Kxc4 41. h4 Kxc3 42. Ke3 Bc6 43. Ne2+ Kb4 44. Nf4 Kxa4 45. Nxg6 Kb4
46. Kd4 Kb3 47. Nf4 Kc2 48. Ke3 Be8 49. Kxe4 Kc3 50. Kf5 Kd4 51. Kg5 Ke5 52.
Nxh5 Kd6 53. Ng7 Bc6 54. Kf6 1-0

[Event "European Youth Chess Championship B14"]
[Site "Prague, Top Hotel Prague"]
[Date "2012.08.22"]
[Round "6.44"]
[White "Guerra Arrocha, Daniel"]
[Black "Msellek, Ilyass"]
[Result "0-1"]
[WhiteElo "1872"]
[BlackElo "2173"]
[PlyCount "48"]
[EventDate "2012.08.17"]

1. e4 c5 2. Nf3 e6 3. d4 cxd4 4. Nxd4 Nf6 5. Bd3 Nc6 6. Nxc6 bxc6 7. O-O d5 8.
exd5 cxd5 9. Qf3 Be7 10. Bf4 O-O 11. Qg3 Nh5 12. Qh3 g6 13. Be5 f6 14. Bc3 e5
15. Qh4 Nf4 16. Rd1 Nxd3 17. Rxd3 Bf5 18. Rg3 Bxc2 19. Na3 Bf5 20. Rd1 d4 21.
Nc4 Qc7 22. Bxd4 Qxc4 23. Re3 Rad8 24. g4 Rxd4 0-1

[Event "European Youth Chess Championship B14"]
[Site "Prague, Top Hotel Prague"]
[Date "2012.08.22"]
[Round "6.46"]
[White "Johannesson, Oliver"]
[Black "Jablonicky, Martin"]
[Result "1-0"]
[WhiteElo "2047"]
[BlackElo "1858"]
[PlyCount "95"]
[EventDate "2012.08.17"]

1. e4 c5 2. Nc3 Nc6 3. f4 g6 4. Nf3 Bg7 5. Bb5 Nd4 6. O-O Nxb5 7. Nxb5 a6 8.
Nc3 a5 9. d3 e6 10. Qe1 Ne7 11. Be3 Qc7 12. Kh1 b5 13. Rb1 O-O 14. Qh4 d5 15.
Bd2 Bb7 16. Rbe1 b4 17. Nd1 f6 18. e5 Nf5 19. Qh3 Rae8 20. Nf2 fxe5 21. fxe5
Qb6 22. Ng4 c4 23. d4 Nxd4 24. Be3 h5 25. Nf6+ Rxf6 26. Bxd4 Rxf3 27. Qxf3 Qc7
28. Qg3 Kh7 29. Rf3 Re7 30. Ref1 g5 31. Qf2 c3 32. bxc3 Ba6 33. Re1 Bc4 34. Bc5
Rd7 35. Bd6 Qb7 36. cxb4 axb4 37. Rb1 Qa6 38. Rf7 Qxa2 39. Re1 Rxf7 40. Qxf7
Qa8 41. Qxe6 Qa5 42. Qf7 b3 43. Kg1 Qd8 44. cxb3 Bxb3 45. Rb1 Qa8 46. h4 Bc2
47. Rb7 Qh8 48. Qf8 1-0

[Event "European Youth Chess Championship B14"]
[Site "Prague, Top Hotel Prague"]
[Date "2012.08.22"]
[Round "6.47"]
[White "Ramacker, Quinten"]
[Black "Goldobin, Aleksei"]
[Result "0-1"]
[WhiteElo "1805"]
[BlackElo "2041"]
[PlyCount "90"]
[EventDate "2012.08.17"]

1. e4 d5 2. exd5 Nf6 3. d4 Bg4 4. Qd3 Qxd5 5. Nc3 Qd7 6. Be2 Nc6 7. Be3 O-O-O
8. O-O-O e6 9. Bf3 Nb4 10. Qc4 Bf5 11. Rd2 Nfd5 12. Qb3 c6 13. Nge2 Kb8 14. Ng3
Bg6 15. Be2 f5 16. Bg5 Re8 17. h3 Nxc3 18. bxc3 Nd5 19. c4 Nf6 20. Bf3 Bd6 21.
Kb2 h6 22. Bxf6 gxf6 23. c5 Bc7 24. c4 Bf7 25. Rc1 Bf4 26. Rcd1 Bxd2 27. Rxd2
Qc7 28. Qc3 Rd8 29. d5 Qe5 30. d6 Qxc3+ 31. Kxc3 Kc8 32. Bh5 Rhf8 33. Re2 Bxh5
34. Nxh5 e5 35. g3 Rf7 36. h4 Kd7 37. Rd2 Ke8 38. Re2 Rdd7 39. a4 Kf8 40. f3
Kg8 41. Rf2 Kh7 42. g4 f4 43. Kd3 b6 44. cxb6 Rxd6+ 45. Ke4 Kg6 0-1

[Event "European Youth Chess Championship B14"]
[Site "Prague, Top Hotel Prague"]
[Date "2012.08.22"]
[Round "6.48"]
[White "Zeman, Radek"]
[Black "Afanaskin, Igor"]
[Result "0-1"]
[WhiteElo "1794"]
[BlackElo "2029"]
[PlyCount "140"]
[EventDate "2012.08.17"]

1. d4 Nf6 2. Nf3 g6 3. c4 Bg7 4. Nc3 O-O 5. Bg5 d6 6. e3 Nbd7 7. Be2 b6 8. Nd2
c5 9. Bf3 Rb8 10. O-O a6 11. a4 Qc7 12. Qc2 Re8 13. Rfd1 e5 14. dxe5 dxe5 15.
Bxf6 Nxf6 16. Nd5 Nxd5 17. Bxd5 Kh8 18. e4 Rf8 19. Nf1 f5 20. f3 f4 21. Nd2 g5
22. h3 h5 23. Kf2 Bf6 24. Rh1 Kg7 25. Qc3 Bd7 26. Nf1 Rh8 27. Nh2 Qc8 28. b3
Qc7 29. Rac1 Be7 30. Rcg1 Rhf8 31. Rc1 Rf6 32. Rcd1 Rh8 33. Rc1 Rfh6 34. g3
fxg3+ 35. Kxg3 Rf8 36. Nf1 Rhf6 37. Nd2 Rf4 38. Rcf1 Qd6 39. Rhg1 Rh4 40. Rh1
Qf6 41. Qe3 Qf4+ 42. Qxf4 gxf4+ 43. Kg2 Rf6 44. Rfg1 Rg6+ 45. Kf2 Rxh3 46. Rxh3
Bxh3 47. Rxg6+ Kxg6 48. Nf1 Bh4+ 49. Kg1 Bc8 50. Nh2 Bg3 51. Kg2 Kg5 52. Bc6
Kh4 53. Bd5 Bh3+ 54. Kg1 Bxh2+ 55. Kxh2 a5 56. Bc6 Bf1 57. Bb5 Be2 58. Kg2 Bd1
59. Bc6 Bxb3 60. Bb5 Bd1 61. Bd7 Kg5 62. Be8 h4 63. Bd7 h3+ 64. Kxh3 Bxf3 65.
Bc6 Bg4+ 66. Kg2 Be2 67. Bd5 Bd1 68. Bc6 f3+ 69. Kg3 f2 70. Kxf2 Kf4 0-1

[Event "European Youth Chess Championship B14"]
[Site "Prague, Top Hotel Prague"]
[Date "2012.08.22"]
[Round "6.49"]
[White "Rydl, Jiri"]
[Black "Radulescu, Vlad-Alexandru"]
[Result "0-1"]
[WhiteElo "2021"]
[BlackElo "1830"]
[PlyCount "106"]
[EventDate "2012.08.17"]

1. e4 c5 2. Nc3 e6 3. f4 Nc6 4. Nf3 Nge7 5. g3 Nd4 6. Bg2 Nec6 7. Ne2 Nxf3+ 8.
Bxf3 Be7 9. O-O O-O 10. d3 d5 11. Kh1 Rb8 12. Be3 d4 13. Bd2 b5 14. e5 Bb7 15.
Be4 c4 16. Ng1 Qb6 17. Qh5 g6 18. Qe2 cxd3 19. cxd3 Bb4 20. Nf3 Bxd2 21. Nxd2
Nb4 22. Bxb7 Qxb7+ 23. Ne4 Rbc8 24. Qd2 Nc2 25. Rac1 Ne3 26. Rfe1 Rxc1 27. Rxc1
Rc8 28. Kg1 Kg7 29. b4 Qa6 30. a3 Qb7 31. Qb2 Rxc1+ 32. Qxc1 Qd5 33. Qb2 Nd1
34. Qc2 Ne3 35. Qb1 Qc6 36. Kf2 Nd5 37. Nc5 Nc3 38. Qe1 Qd5 39. Qa1 a5 40. g4
a4 41. g5 h5 42. gxh6+ Kxh6 43. Ne4 Nxe4+ 44. dxe4 Qxe4 45. Qc1 Kh5 46. Qd1+
Kh4 47. Qf3 Qf5 48. Ke2 $11 Qc2+ 49. Ke1 Qxh2 50. Kd1 Qg1+ 51. Kd2 Qe3+ 52.
Qxe3 dxe3+ 53. Kxe3 Kg3 0-1

[Event "European Youth Chess Championship B14"]
[Site "Prague, Top Hotel Prague"]
[Date "2012.08.22"]
[Round "6.50"]
[White "Malhotra, Tarun"]
[Black "Manfroi, Andrea"]
[Result "1-0"]
[WhiteElo "2005"]
[BlackElo "1786"]
[PlyCount "67"]
[EventDate "2012.08.17"]

1. e4 c5 2. Nc3 Nc6 3. f4 g6 4. Nf3 Bg7 5. Bb5 e6 6. e5 d6 7. exd6 Qxd6 8. Ne4
Qxf4 9. Bxc6+ bxc6 10. d3 Qc7 11. O-O Ne7 12. Kh1 O-O 13. Nxc5 Rb8 14. d4 Rd8
15. Qe1 Bxd4 16. Nxd4 Rxd4 17. Be3 Rd5 18. Ne4 Kg7 19. Nf6 Qa5 20. Qg3 Rdb5 21.
c4 Rxb2 22. Bh6+ Kh8 23. Qh3 e5 24. Bg7+ Kxg7 25. Qxh7+ Kf8 26. Qh8+ Ng8 27.
Qxg8+ Ke7 28. Qe8+ Kd6 29. Ne4+ Kc7 30. Rxf7+ Kb6 31. Qd8+ Ka6 32. Rxa7+ Kxa7
33. Qxa5+ Ba6 34. h3 1-0

[Event "European Youth Chess Championship B14"]
[Site "Prague, Top Hotel Prague"]
[Date "2012.08.22"]
[Round "6.51"]
[White "Darnell, Anton"]
[Black "Kratochvil, Vit 98"]
[Result "1-0"]
[WhiteElo "1763"]
[BlackElo "1962"]
[PlyCount "115"]
[EventDate "2012.08.17"]

1. d4 Nf6 2. c4 g6 3. Nc3 Bg7 4. e4 d6 5. Be2 Nbd7 6. Nf3 O-O 7. O-O c5 8. h3
cxd4 9. Nxd4 Nc5 10. Bf3 Bd7 11. Re1 Rc8 12. b3 b6 13. Bb2 Ne6 14. Nxe6 Bxe6
15. Qe2 Nd7 16. Nd5 Ne5 17. Bxe5 Bxe5 18. Rad1 Qd7 19. Qf1 f5 20. exf5 Bxf5 21.
Nxb6 axb6 22. Rxe5 Bxh3 23. Qe2 dxe5 24. Rxd7 Bxd7 25. Qxe5 Kf7 26. Qd4 Bc6 27.
Bxc6 Rxc6 28. Qd5+ Re6 29. c5 bxc5 30. Qxc5 Rd8 31. a4 Rd1+ 32. Kh2 Rde1 33. b4
R1e5 34. Qc3 Rh5+ 35. Kg1 Rd6 36. g3 Rd1+ 37. Kg2 Rhh1 38. a5 h5 39. a6 h4 40.
Qc4+ Kf6 41. gxh4 Ra1 42. Qd4+ e5 43. Qd6+ Kf5 44. Qd7+ Kf6 45. a7 Rhg1+ 46.
Kf3 Ra3+ 47. Ke2 Ra2+ 48. Ke3 Ra3+ 49. Kd2 Rga1 50. Qd6+ Kf5 51. Qd7+ Kf6 52.
Qd6+ Kf5 53. b5 Rxa7 54. b6 R7a2+ 55. Ke3 Ra3+ 56. Ke2 e4 57. Qd5+ Kf4 58. Qg5#
1-0

[Event "European Youth Chess Championship B14"]
[Site "Prague, Top Hotel Prague"]
[Date "2012.08.22"]
[Round "6.52"]
[White "Cach, Jakub"]
[Black "Taylor, Adam C"]
[Result "0-1"]
[WhiteElo "1596"]
[BlackElo "1962"]
[PlyCount "176"]
[EventDate "2012.08.17"]

1. e4 c5 2. Nf3 d6 3. d4 cxd4 4. Nxd4 Nf6 5. Nc3 g6 6. Be2 Bg7 7. Be3 O-O 8.
O-O Nc6 9. f4 Qb6 10. Na4 Qa5 11. Nc3 Bd7 12. Bd3 Ng4 13. Nxc6 bxc6 14. Bd2
Qb6+ 15. Kh1 Nf2+ 16. Rxf2 Qxf2 17. Qe1 Qxe1+ 18. Rxe1 Rab8 19. b3 e6 20. g4 c5
21. Kg1 Bd4+ 22. Kg2 Bc6 23. Kg3 Rfe8 24. a4 d5 25. e5 Bxc3 26. Bxc3 Rec8 27.
Ba6 Bb7 28. Bxb7 Rxb7 29. Rd1 Rd7 30. g5 d4 31. Bb2 Rb8 32. Ba3 Rd5 33. Kf3 Kf8
34. Ke4 Ke8 35. Kd3 Kd7 36. Kc4 Kc6 37. Rd3 Rh8 38. Rh3 d3 39. cxd3 Rd4+ 40.
Kc3 Rxf4 41. Bc1 Rf5 42. Kc4 Rf2 43. Kc3 Kd5 44. Rh4 Rf3 45. Rf4 Rxf4 46. Bxf4
Rb8 47. Bg3 Rb4 48. h3 a6 49. Kc2 Kd4 50. Bf4 Rb7 51. Bh2 Rd7 52. Kd2 Rd5 53.
Bf4 Rd7 54. Bh2 Rb7 55. Kc2 Kd5 56. Kc3 Rb4 57. Bg3 Kc6 58. Kc2 $11 Kd5 59. Kc3
Rb7 60. Bf4 a5 61. Bh2 Rb4 62. Bg3 Rb8 63. Bh2 h6 64. gxh6 g5 65. Bg1 Rh8 66.
Be3 Rxh6 67. Bxg5 Rxh3 68. Bd8 Kxe5 69. Bxa5 Kd5 70. Bc7 e5 71. a5 e4 72. a6
Rxd3+ 73. Kc2 Kc6 74. a7 Kb7 75. Bb8 Rd8 76. Bf4 Kxa7 77. Kc3 Kb6 78. Kc4 Rd4+
79. Kc3 Kb5 80. Bg5 Rd3+ 81. Kc2 f5 82. Bf4 Kb4 83. Bh6 Rxb3 84. Bd2+ Kc4 85.
Be1 Rh3 86. Kd2 f4 87. Ke2 Re3+ 88. Kf2 Rxe1 0-1

[Event "European Youth Chess Championship B14"]
[Site "Prague, Top Hotel Prague"]
[Date "2012.08.22"]
[Round "6.53"]
[White "O`Donnell, Conor"]
[Black "Simo, Marian"]
[Result "1/2-1/2"]
[WhiteElo "1955"]
[BlackElo "1760"]
[PlyCount "86"]
[EventDate "2012.08.17"]

1. e4 c6 2. Nc3 d5 3. Qe2 Nf6 4. e5 Nfd7 5. f4 e6 6. d4 c5 7. Nf3 Nc6 8. Be3
cxd4 9. Nxd4 Be7 10. O-O-O Bb4 11. Qg4 O-O 12. Bd3 Bxc3 13. bxc3 Qa5 14. Qh4 g6
15. Kd2 Nc5 16. Nxc6 bxc6 17. f5 Na4 18. f6 Kh8 19. Qb4 Qxb4 20. cxb4 Rd8 21.
Bh6 Rb8 22. h4 Rxb4 23. h5 g5 24. Rdg1 Nc5 25. Bxg5 Ra4 26. Ra1 Rg8 27. Bg6
Ne4+ 28. Bxe4 Rxg5 29. Bf3 Ba6 30. Rhe1 Kg8 31. Rab1 Bb5 32. Rb2 Kf8 33. Re3
Ke8 34. Ke1 Kd7 35. Kf2 Kc7 36. g4 h6 37. a3 a6 38. Kg3 c5 39. Ra2 Kc6 40. Re1
c4 41. c3 Kc5 42. Bd1 Ra5 43. a4 Bc6 1/2-1/2

[Event "European Youth Chess Championship B14"]
[Site "Prague, Top Hotel Prague"]
[Date "2012.08.22"]
[Round "6.54"]
[White "Monteriano, Eran"]
[Black "Schweighoffer, Martin"]
[Result "1-0"]
[WhiteElo "1947"]
[BlackElo "1756"]
[PlyCount "47"]
[EventDate "2012.08.17"]

1. e4 e5 2. Nf3 Nc6 3. Bb5 a6 4. Ba4 Nge7 5. O-O g6 6. c3 Bg7 7. d4 exd4 8.
Nxd4 O-O 9. Be3 b5 10. Bc2 Bb7 11. Nd2 d6 12. Qe2 Qd7 13. f4 Nxd4 14. Bxd4 Rae8
15. Bxg7 Kxg7 16. Rae1 c5 17. e5 dxe5 18. fxe5 Nc6 19. Nf3 h6 20. Qf2 Qe7 21.
Qg3 Kh7 22. Nh4 Qg5 23. e6 Qxg3 24. hxg3 1-0

[Event "European Youth Chess Championship B14"]
[Site "Prague, Top Hotel Prague"]
[Date "2012.08.22"]
[Round "6.56"]
[White "Mamedov, Elmin"]
[Black "Vangsgaard, Bjarke"]
[Result "1-0"]
[WhiteElo "2105"]
[BlackElo "1780"]
[PlyCount "53"]
[EventDate "2012.08.17"]

1. e4 d5 2. exd5 Qxd5 3. Nc3 Qa5 4. d4 Bf5 5. Nf3 Nf6 6. Ne5 c6 7. Bc4 e6 8.
Qe2 Bb4 9. Bd2 O-O 10. g4 Bxc2 11. Rc1 Bg6 12. h4 Rd8 13. a3 Bxc3 14. Bxc3 Qc7
15. f3 h6 16. Nxg6 fxg6 17. Bxe6+ Kh8 18. Qe5 Na6 19. O-O Re8 20. Qxc7 Nxc7 21.
Bf7 Re2 22. Rce1 Rxe1 23. Rxe1 Kh7 24. Re7 Rc8 25. d5 Kh8 26. Bxf6 gxf6 27. d6
1-0

[Event "European Youth Chess Championship B14"]
[Site "Prague, Top Hotel Prague"]
[Date "2012.08.22"]
[Round "6.58"]
[White "Valkama, Eero"]
[Black "Zubkov, Vsevolod"]
[Result "1/2-1/2"]
[WhiteElo "1827"]
[BlackElo "1928"]
[Annotator ",Microsoft"]
[PlyCount "80"]
[EventDate "2012.08.17"]

1. e4 c5 2. Nf3 e6 3. d3 d5 4. Qe2 Nf6 5. g3 Be7 6. Bg2 O-O 7. O-O Nc6 8. e5
Nd7 9. h4 Re8 10. c4 Nf8 11. Re1 b6 12. h5 Bb7 13. Bf4 Qd7 14. Na3 Nd4 15. Qe3
dxc4 16. dxc4 Qc6 17. Nh4 Qc7 18. Bg5 Bxg2 19. Kxg2 Bxg5 20. Qxg5 h6 21. Qg4
Nd7 22. Qe4 a6 23. f4 Rad8 24. Rad1 Nb8 25. Nc2 Nxc2 26. Qxc2 Nc6 27. Nf3 Ne7
28. Rxd8 Rxd8 29. Rd1 Nf5 30. Rxd8+ Qxd8 31. Qd2 Qc7 32. g4 Ne7 33. Qd3 Nc6 34.
b3 Nb4 35. Qd2 Nc6 36. Qd3 Nb4 37. Qd2 Nc6 38. Qd3 Nb4 39. Qd2 Nc6 40. Qd3 Nb4
$11 1/2-1/2

[Event "European Youth Chess Championship B14"]
[Site "Prague, Top Hotel Prague"]
[Date "2012.08.22"]
[Round "6.60"]
[White "Hadzialic, Benjamin"]
[Black "Gavrilov, Mikhail"]
[Result "1/2-1/2"]
[WhiteElo "1745"]
[BlackElo "1857"]
[PlyCount "80"]
[EventDate "2012.08.17"]

1. d4 e6 2. c4 d5 3. Nf3 c6 4. e3 Bd6 5. Nc3 f5 6. c5 Bc7 7. Bd3 Nf6 8. b4 Ne4
9. Bd2 O-O 10. b5 Nxc3 11. Bxc3 cxb5 12. Bxb5 Bd7 13. Bd3 Bc6 14. O-O Nd7 15.
Rb1 a6 16. Bc2 Qe8 17. Ba4 Ne5 18. Bxc6 Nxf3+ 19. gxf3 Qxc6 20. f4 Rf6 21. f3
Raf8 22. Qb3 Rb8 23. Qa3 b6 24. Qxa6 Ra8 25. Qb5 Qxb5 26. Rxb5 Rg6+ 27. Kh1
Rxa2 28. Rb2 Rxb2 29. Bxb2 Rf6 30. cxb6 Bxb6 31. Rc1 Ba5 32. Bc3 Bxc3 33. Rxc3
Rf8 34. Kg2 Kf7 35. Ra3 Rc8 36. Kg3 Rc1 37. Kg2 Rc2+ 38. Kg3 Re2 39. h4 Kf6 40.
Rb3 h6 1/2-1/2

[Event "European Youth Chess Championship B14"]
[Site "Prague, Top Hotel Prague"]
[Date "2012.08.22"]
[Round "6.61"]
[White "Kiss, Balint"]
[Black "Cavadas, Francisco"]
[Result "1/2-1/2"]
[WhiteElo "1840"]
[BlackElo "1649"]
[PlyCount "77"]
[EventDate "2012.08.17"]

1. e4 c5 2. Nf3 g6 3. c4 Bg7 4. d4 cxd4 5. Nxd4 Nc6 6. Be3 Nf6 7. Nc3 d6 8. Be2
Nxd4 9. Bxd4 O-O 10. O-O a5 11. Re1 Bd7 12. Qd2 Bc6 13. Bd3 Nd7 14. Bxg7 Kxg7
15. Re3 Nc5 16. Rd1 Qc7 17. Nd5 Bxd5 18. exd5 a4 19. Rde1 Rfe8 20. Qc3+ Kg8 21.
Rh3 Nxd3 22. Qxd3 Qd7 23. Qd2 h5 24. Qg5 Qg4 25. Qxg4 hxg4 26. Rhe3 Kf8 27. Re4
f5 28. Re6 Kf7 29. g3 Rac8 30. b3 Rc5 31. R6e3 axb3 32. Rxb3 Rxc4 33. Rxb7 Rc5
34. Rd1 Ra8 35. Rd2 Rca5 36. Re2 Re8 37. Rd2 Rea8 38. Re2 Re8 39. Rd2 1/2-1/2

[Event "European Youth Chess Championship B14"]
[Site "Prague, Top Hotel Prague"]
[Date "2012.08.22"]
[Round "6.64"]
[White "Truksa, Vaclav"]
[Black "Thorgeirsson, Jon Kristinn"]
[Result "0-1"]
[WhiteElo "1673"]
[BlackElo "1747"]
[PlyCount "78"]
[EventDate "2012.08.17"]

1. e4 e5 2. f4 d5 3. exd5 exf4 4. Nf3 Qxd5 5. Nc3 Qd8 6. Be2 Nc6 7. O-O Bc5+ 8.
Kh1 Nf6 9. Bb5 O-O 10. Bxc6 bxc6 11. d4 Bd6 12. Ne2 Ba6 13. Re1 Ng4 14. Kg1 Ne3
15. Bxe3 fxe3 16. c3 Rb8 17. b3 f5 18. c4 g5 19. c5 g4 20. cxd6 gxf3 21. gxf3
cxd6 22. f4 Qh4 23. Kh1 Qf2 24. Rg1+ Kh8 25. d5 c5 26. Qc2 Rf6 27. Qc3 Rbf8 28.
Rg2 Qf3 29. Ng3 Qxd5 30. Kg1 Qd4 31. Ne2 Bxe2 32. Qxd4 cxd4 33. Rxe2 Rg8+ 34.
Rg2 Rxg2+ 35. Kxg2 Re6 36. Kf1 d3 37. Ke1 Rh6 38. Rd1 d2+ 39. Ke2 Re6 0-1

[Event "European Youth Chess Championship B14"]
[Site "Prague, Top Hotel Prague"]
[Date "2012.08.22"]
[Round "6.65"]
[White "Liebert, Erwin"]
[Black "Cesenek, Jan"]
[Result "0-1"]
[WhiteElo "1566"]
[BlackElo "1736"]
[PlyCount "40"]
[EventDate "2012.08.17"]

1. e4 c5 2. Nf3 d6 3. d4 cxd4 4. Qxd4 Nc6 5. Bb5 Bd7 6. Bxc6 Bxc6 7. Nc3 Nf6 8.
Bg5 e6 9. O-O-O Be7 10. Rhe1 Qc7 11. e5 dxe5 12. Nxe5 O-O 13. Qh4 Rfd8 14. Nxc6
Qxc6 15. Re3 Rxd1+ 16. Nxd1 Rd8 17. Rg3 Qd6 18. Nc3 Ne4 19. Bf4 Bxh4 20. Bxd6
Nxd6 0-1